zpět

Detail výsledku týmu

Stodola, Olomouc

Datum a čas kvízu

22.5 Celkem bodů Celkový počet nahraných bodů na tomto kvízu bez doplňovacích otázek.
8. Pořadí na kvízu Konečné umístění týmu na tomto kvízu.

Zaznamenané odpovědi

# Otázka Odpověď Body Výsledky
1. Ve čtvrtek byly zveřejněny výs... Václav Havel, Václav Klaus, Petr Pavel 1
2. Ve čtvrtek jsme si připomněli... Myanmar (Barma) 0
3. Napište jména známého muže a ž... Jeff Bezos, Lauren Sánchez 0.5
4. Minulý týden byly odhaleny pod... KFC 1
5. Minulý týden jsme zažili zcela... Boca Juniors 0
6. Jedna z nejúspěšnějších filmov... Zachary Quinto, Leonard Nimoy 0
7. Napište český název závěrečnéh... Pařba na třetí 1
8. Seřaďte jednotlivé díly filmov... 1C 2B 3D 4A 0
9. Kdo z uvedených herců nebo her... B 1
10. Závěrem se podíváme blíže na H... z hadů 1